[Event "ESP-chT CECLUB Div2"]
[Site "Linares"]
[Date "2022.08.24"]
[Round "4.6"]
[White "Gonzalez Guedes, Iyan"]
[Black "Prats Safont, Sergi"]
[Result "0-1"]
[WhiteElo "2244"]
[BlackElo "2080"]
[PlyCount "78"]
[EventDate "2022.08.22"]
[EventType "team-swiss"]
[EventRounds "7"]
[EventCountry "ESP"]
[SourceTitle "CBM 209 Extra"]
[Source "ChessBase"]
[SourceDate "2022.09.30"]
[SourceVersion "1"]
[SourceVersionDate "2022.09.30"]
[SourceQuality "1"]
[WhiteTeam "Vetusta Chess"]
[BlackTeam "Llinars"]
[WhiteTeamCountry "ESP"]
[BlackTeamCountry "ESP"]

1. e4 c5 2. Nf3 e6 3. c3 Nf6 4. e5 Nd5 5. d4 cxd4 6. cxd4 d6 7. exd6 Bxd6 8. Bd3 Bd7 9. 0-0 Bc6 10. Nc3 Nd7 11. Re1 0-0 12. Bc2 h6 13. Ne5 Nxc3 14. bxc3 Nxe5 15. dxe5 Bc5 16. Qh5 Qe7 17. h4 f5 18. exf6 Rxf6 19. Be3 Bxe3 20. Rxe3 Raf8 21. f3 Qe8 22. Qc5 b6 23. Qe5 Bd5 24. Rd1 Qc6 25. Bb3 Rf5 26. Qg3 Qc5 27. Qf2 Bxb3 28. axb3 e5 29. c4 Qe7 30. Rd5 Qf6 31. Re4 Re8 32. Qa2 Re7 33. Rd8+ Kh7 34. Qc2 Qg6 35. Qd3 Ref7 36. Re8 Rxf3 37. Qe2 Qg3 38. h5 Rf2 39. Rg4 Rf1+ 0-1

[Event "ESP-ch U18 Rapid"]
[Site "Salobrena"]
[Date "2022.08.06"]
[Round "1"]
[White "Prats Safont, Sergi"]
[Black "Felipo Martinez, Marcos"]
[Result "1-0"]
[WhiteElo "1832"]
[BlackElo "1449"]
[PlyCount "65"]
[EventDate "2022.08.06"]
[EventType "swiss (rapid)"]
[EventRounds "9"]
[EventCountry "ESP"]
[SourceTitle "EXT 2023"]
[Source "ChessBase"]
[SourceDate "2022.10.05"]
[SourceVersion "1"]
[SourceVersionDate "2022.10.05"]
[SourceQuality "1"]

1. e4 e5 2. Nf3 Nc6 3. Bc4 Nf6 4. d3 Bc5 5. 0-0 d6 6. c3 0-0 7. Bb3 a5 8. h3 Be6 9. Bc2 Re8 10. Re1 d5 11. exd5 Bxd5 12. Bg5 Qd6 13. Nbd2 h6 14. Bh4 Rad8 15. Qe2 Re6 16. Ne4 Bxe4 17. dxe4 g5 18. Bxg5 hxg5 19. Nxg5 Ree8 20. Bb3 Rf8 21. Rad1 Qe7 22. Qf3 Rxd1 23. Rxd1 Kg7 24. Qg3 Nh5 25. Qg4 Kh6 26. h4 Nd8 27. Qf5 Nf6 28. Rd7 Ne6 29. Rxe7 Bxe7 30. Bxe6 fxe6 31. Nxe6 Rf7 32. Ng5 Bc5 33. Nxf7+ 1-0

[Event "ESP-ch U18"]
[Site "Salobrena"]
[Date "2022.08.03"]
[Round "5"]
[White "Prats Safont, Sergi"]
[Black "Perez Guerra, Raul"]
[Result "1/2-1/2"]
[WhiteElo "2206"]
[BlackElo "2276"]
[PlyCount "91"]
[EventDate "2022.08.01"]
[EventType "swiss"]
[EventRounds "9"]
[EventCountry "ESP"]
[SourceTitle "EXT 2023"]
[Source "ChessBase"]
[SourceDate "2022.10.05"]
[SourceVersion "1"]
[SourceVersionDate "2022.10.05"]
[SourceQuality "1"]

1. e4 e6 2. d4 d5 3. Bd3 dxe4 4. Bxe4 Nf6 5. Bf3 c5 6. Ne2 Be7 7. 0-0 0-0 8. Nbc3 Nc6 9. Be3 Qa5 10. Qc1 cxd4 11. Nxd4 Ne5 12. Be2 a6 13. a3 Qc7 14. h3 b5 15. Bf4 Bb7 16. Rd1 Bd6 17. Qe3 Nf3+ 18. Bxf3 Bxf4 19. Qe2 Rac8 20. g3 Bxf3 21. Nxf3 Bd6 22. Rd2 Bc5 23. Kg2 Qb7 24. Re1 Bxa3 25. Nxb5 Bb4 26. Nd6 Bxd6 27. Rxd6 Qxb2 28. c4 Qa3 29. Red1 h6 30. Ne5 a5 31. Nd7 Nxd7 32. Rxd7 Qc5 33. Qe4 a4 34. Ra1 Ra8 35. Qb7 Qxc4 36. Rxf7 Qd5+ 37. Qxd5 exd5 38. Rd7 Ra5 39. Rc1 Kh7 40. Rcc7 Kg6 41. Rxg7+ Kf5 42. Ra7 Ra8 43. Rae7 R5a6 44. Rgf7+ Kg6 45. Rg7+ Kf6 46. Rgf7+ 1/2-1/2

[Event "ESP-ch U18"]
[Site "Salobrena"]
[Date "2022.08.02"]
[Round "3"]
[White "Prats Safont, Sergi"]
[Black "Carbonell Sancho, Marc"]
[Result "0-1"]
[WhiteElo "2206"]
[BlackElo "2284"]
[PlyCount "54"]
[EventDate "2022.08.01"]
[EventType "swiss"]
[EventRounds "9"]
[EventCountry "ESP"]
[SourceTitle "EXT 2023"]
[Source "ChessBase"]
[SourceDate "2022.10.05"]
[SourceVersion "1"]
[SourceVersionDate "2022.10.05"]
[SourceQuality "1"]

1. e4 e6 2. d4 d5 3. Bd3 dxe4 4. Bxe4 Nf6 5. Bf3 c5 6. Ne2 Nc6 7. Be3 cxd4 8. Nxd4 Ne5 9. Nc3 Bb4 10. Ndb5 Qa5 11. 0-0 0-0 12. a3 Bxc3 13. Nxc3 Nxf3+ 14. Qxf3 a6 15. Qg3 Qf5 16. Bg5 Bd7 17. Rad1 Bc6 18. Rd4 Kh8 19. Qh4 Nd7 20. Be7 Rfe8 21. Ne4 Ne5 22. Ng5 f6 23. f4 fxg5 24. fxg5 Qxc2 25. Rf2 Qc1+ 26. Rf1 Qe3+ 27. Kh1 Ng6 0-1

[Event "Barcelona Sant Marti op-A 22nd"]
[Site "Barcelona"]
[Date "2022.07.19"]
[Round "7"]
[White "Prats Safont, Sergi"]
[Black "Millaret Lores, Francesco"]
[Result "0-1"]
[WhiteElo "2206"]
[BlackElo "2106"]
[PlyCount "130"]
[EventDate "2022.07.13"]
[EventType "swiss"]
[EventRounds "9"]
[EventCountry "ESP"]
[SourceTitle "CBM 209 Extra"]
[Source "ChessBase"]
[SourceDate "2022.09.30"]
[SourceVersion "1"]
[SourceVersionDate "2022.09.30"]
[SourceQuality "1"]

1. e4 c5 2. Nf3 d6 3. d4 cxd4 4. Nxd4 Nf6 5. Nc3 a6 6. h3 e5 7. Nde2 Be6 8. g4 Be7 9. g5 Nfd7 10. h4 Nc6 11. Bg2 0-0 12. Be3 Nb6 13. Nd5 Nc4 14. b3 Nxe3 15. fxe3 f6 16. Nec3 fxg5 17. hxg5 Bxg5 18. Qh5 Bh6 19. Bh3 Bf7 20. Qg4 Qa5 21. 0-0 Bxd5 22. Nxd5 Qd2 23. Qg3 Qxc2 24. Bf5 Qd3 25. Rad1 Qe2 26. Rde1 Qh5 27. Rf2 g6 28. Ref1 Kh8 29. Rh2 Qg5 30. Qxg5 Bxg5 31. Bxg6 Rxf1+ 32. Kxf1 Rf8+ 33. Ke2 h6 34. Nc7 Rc8 35. Ne6 Nd4+ 36. Nxd4 exd4 37. e5 dxe5 38. exd4 exd4 39. Kd3 Be3 40. Bh5 Kg7 41. Rg2+ Kf6 42. Ke4 Rc5 43. Rg6+ Ke7 44. Bf3 Kd8 45. Bg4 Rg5 46. Rxg5 hxg5 47. a4 Kc7 48. Kd5 b6 49. Be2 a5 50. Bg4 Bf2 51. Be2 Kd7 52. Bg4+ Ke7 53. Ke4 Kd6 54. Bf3 Kc5 55. Kd3 Kb4 56. Kc2 Be3 57. Bg4 Kc5 58. Bf3 Kd6 59. Kd3 Ke5 60. Ke2 Kf4 61. Bd5 Kg3 62. Be4 g4 63. Kf1 Kh2 64. Bd3 g3 65. Be4 Bg5 0-1

[Event "Barcelona Sant Marti op-A 22nd"]
[Site "Barcelona"]
[Date "2022.07.16"]
[Round "4"]
[White "Deodhar, Vrushali Umesh"]
[Black "Prats Safont, Sergi"]
[Result "1-0"]
[WhiteElo "1984"]
[BlackElo "2206"]
[PlyCount "75"]
[EventDate "2022.07.13"]
[EventType "swiss"]
[EventRounds "9"]
[EventCountry "ESP"]
[SourceTitle "CBM 209 Extra"]
[Source "ChessBase"]
[SourceDate "2022.09.30"]
[SourceVersion "1"]
[SourceVersionDate "2022.09.30"]
[SourceQuality "1"]

1. c4 Nf6 2. Nc3 e6 3. d4 Bb4 4. e3 b6 5. Nf3 Bb7 6. Bd3 Ne4 7. Qc2 Bxc3+ 8. bxc3 f5 9. 0-0 0-0 10. Nd2 Nxd2 11. Bxd2 Qh4 12. f3 d6 13. Rab1 Nd7 14. Be1 Qg5 15. Qd2 Rae8 16. Bg3 Nf6 17. c5 dxc5 18. Bxc7 cxd4 19. cxd4 Nd5 20. Bd6 Rf6 21. f4 Qh5 22. Be2 Qh4 23. Bf3 Rh6 24. g3 Qh3 25. Rf2 Ba8 26. Rc1 Nf6 27. Bxa8 Rxa8 28. Rg2 Ne4 29. Qb4 Nxg3 30. Rc7 Ne4 31. Rcxg7+ Kh8 32. Be5 Qxe3+ 33. Kh1 Nf6 34. Rxh7+ Rxh7 35. Bxf6+ Rg7 36. Rxg7 Qe4+ 37. Rg2+ Kh7 38. Qe7+ 1-0

[Event "Llinars del Valles op"]
[Site "Llinars del Valles"]
[Date "2022.07.03"]
[Round "9"]
[White "Parra Ordorica, Gorka"]
[Black "Prats Safont, Sergi"]
[Result "1/2-1/2"]
[WhiteElo "1770"]
[BlackElo "2206"]
[PlyCount "152"]
[EventDate "2022.06.25"]
[EventType "swiss"]
[EventRounds "9"]
[EventCountry "ESP"]
[SourceTitle "CBM 209 Extra"]
[Source "ChessBase"]
[SourceDate "2022.09.30"]
[SourceVersion "1"]
[SourceVersionDate "2022.09.30"]
[SourceQuality "1"]

1. d4 Nf6 2. c4 b6 3. Nf3 e6 4. g3 Ba6 5. Qc2 Bb7 6. Bg2 c5 7. 0-0 cxd4 8. Rd1 Qc8 9. Nxd4 Bxg2 10. Kxg2 Be7 11. Bf4 a6 12. e4 Qb7 13. Nc3 0-0 14. Nf3 Qc6 15. Qe2 d6 16. Rd2 Ra7 17. Rad1 Rd7 18. Kg1 e5 19. Bxe5 dxe5 20. Nxe5 Qc7 21. Nxd7 Nbxd7 22. Nd5 Nxd5 23. cxd5 Qb7 24. e5 Bc5 25. Kf1 Re8 26. f4 Nf8 27. a3 a5 28. Qb5 Qc8 29. Kg2 Rd8 30. b4 axb4 31. axb4 Be3 32. Re2 Bc1 33. Qc6 Qg4 34. Kf2 Rc8 35. e6 Rxc6 36. dxc6 fxe6 37. c7 e5 38. Rd8 exf4 39. c8Q Be3+ 40. Ke1 Qxc8 41. Rxc8 Kf7 42. gxf4 Bxf4 43. Rf2 g5 44. Rc7+ Ke6 45. Rc6+ Kd5 46. b5 Nd7 47. Rfc2 h5 48. R2c3 Ke4 49. h3 g4 50. hxg4 hxg4 51. Kf2 Be5 52. Rc2 Bd4+ 53. Kg3 Ne5 54. Rc8 Kd5 55. Rd2 Ke4 56. Rb8 Nc4 57. Re8+ Be5+ 58. Rxe5+ Nxe5 59. Rd6 Nc4 60. Rd8 Ne5 61. Rb8 Nc4 62. Kxg4 Kd5 63. Rc8 Nd6 64. Rc6 Nxb5 65. Rxb6 Nd4 66. Ra6 Ke5 67. Ra5+ Ke4 68. Kg5 Nc6 69. Rc5 Ne5 70. Ra5 Nc6 71. Ra8 Nd4 72. Kf6 Kd5 73. Ra5+ Ke4 74. Re5+ Kd3 75. Re1 Kc4 76. Ke5 Nf3+ 1/2-1/2

[Event "Llinars del Valles op"]
[Site "Llinars del Valles"]
[Date "2022.07.02"]
[Round "8"]
[White "Prats Safont, Sergi"]
[Black "Juan Mas, Santiago"]
[Result "1-0"]
[WhiteElo "2206"]
[BlackElo "1889"]
[PlyCount "68"]
[EventDate "2022.06.25"]
[EventType "swiss"]
[EventRounds "9"]
[EventCountry "ESP"]
[SourceTitle "CBM 209 Extra"]
[Source "ChessBase"]
[SourceDate "2022.09.30"]
[SourceVersion "1"]
[SourceVersionDate "2022.09.30"]
[SourceQuality "1"]

1. e4 d6 2. d4 Nf6 3. Nc3 c6 4. Be3 Qa5 5. f3 e5 6. Nge2 Be7 7. Qd2 0-0 8. g4 b5 9. Ng3 exd4 10. Bxd4 b4 11. Nd1 c5 12. Bxf6 Bxf6 13. g5 Be7 14. h4 d5 15. Ne3 dxe4 16. fxe4 Rd8 17. Nd5 Bd6 18. Nh5 Be6 19. Bc4 Nd7 20. 0-0-0 Ne5 21. Qe2 Nxc4 22. Qxc4 b3 23. cxb3 Rab8 24. Qc3 Qxc3+ 25. bxc3 Kf8 26. Rhg1 a5 27. Nhf4 Bc8 28. h5 a4 29. Kc2 axb3+ 30. axb3 Bb7 31. Rgf1 Bxf4 32. Rxf4 Re8 33. c4 Re5 34. g6 h6 1-0

[Event "Llinars del Valles op"]
[Site "Llinars del Valles"]
[Date "2022.06.28"]
[Round "4"]
[White "Parra Ordorica, Arnau"]
[Black "Prats Safont, Sergi"]
[Result "1-0"]
[WhiteElo "2001"]
[BlackElo "2206"]
[PlyCount "129"]
[EventDate "2022.06.25"]
[EventType "swiss"]
[EventRounds "9"]
[EventCountry "ESP"]
[SourceTitle "CBM 209 Extra"]
[Source "ChessBase"]
[SourceDate "2022.09.30"]
[SourceVersion "1"]
[SourceVersionDate "2022.09.30"]
[SourceQuality "1"]

1. d4 d5 2. c4 e6 3. Nf3 c6 4. g3 Nf6 5. Bg2 Bd6 6. 0-0 0-0 7. Nbd2 Nbd7 8. Qc2 Re8 9. Rd1 Qe7 10. e4 dxe4 11. Nxe4 Nxe4 12. Qxe4 Nf6 13. Qc2 c5 14. b3 b6 15. dxc5 Bxc5 16. Ng5 Bb7 17. Bb2 Bxg2 18. Kxg2 e5 19. Re1 Qb7+ 20. f3 Bd4 21. Bxd4 exd4 22. Ne4 Nxe4 23. Rxe4 Rad8 24. Rd1 Rxe4 25. Qxe4 Qd7 26. Rd3 h6 27. h4 Qd6 28. Kh3 h5 29. g4 hxg4+ 30. fxg4 f6 31. Qd5+ Qxd5 32. cxd5 Rxd5 33. Kg3 Kf7 34. Kf4 Ke6 35. Ke4 Ra5 36. a4 Re5+ 37. Kxd4 Rd5+ 38. Ke4 Re5+ 39. Kf4 g5+ 40. Kg3 gxh4+ 41. Kxh4 Re4 42. Kg3 Rb4 43. Kf3 a5 44. Re3+ Kd5 45. Rd3+ Ke5 46. Re3+ Kd5 47. Rd3+ Kc5 48. Re3 Rd4 49. Rc3+ Kd5 50. Re3 Rd1 51. Kf4 Rf1+ 52. Rf3 Rg1 53. Kf5 Kd4 54. Rf4+ Ke3 55. Re4+ Kf3 56. Rc4 Rb1 57. Rc3+ Ke2 58. Kxf6 Kd2 59. Rg3 Kc2 60. g5 Rxb3 61. Rxb3 Kxb3 62. g6 Kxa4 63. g7 Ka3 64. g8Q a4 65. Qc4 1-0

[Event "Llinars del Valles op"]
[Site "Llinars del Valles"]
[Date "2022.06.25"]
[Round "1"]
[White "Prats Safont, Sergi"]
[Black "Torrent San Nicolas, Biel"]
[Result "1-0"]
[WhiteElo "2206"]
[BlackElo "1682"]
[PlyCount "69"]
[EventDate "2022.06.25"]
[EventType "swiss"]
[EventRounds "9"]
[EventCountry "ESP"]
[SourceTitle "CBM 209 Extra"]
[Source "ChessBase"]
[SourceDate "2022.09.30"]
[SourceVersion "1"]
[SourceVersionDate "2022.09.30"]
[SourceQuality "1"]

1. d4 Nf6 2. Nf3 g6 3. Nc3 Bg7 4. e4 d6 5. Bc4 0-0 6. 0-0 a6 7. a4 Nc6 8. h3 e5 9. Be3 Nd7 10. Bg5 Bf6 11. Bxf6 Nxf6 12. Re1 Bd7 13. Qd2 Nxd4 14. Nxd4 exd4 15. Qxd4 Re8 16. Re3 Be6 17. Rf3 Bxc4 18. Rxf6 c5 19. Qxd6 Be6 20. Qf4 Kg7 21. e5 Qd4 22. Qg3 Bc8 23. Qf3 Be6 24. Re1 Qd2 25. Rd1 Qxc2 26. Rd7 Qb3 27. Rxb7 Qc4 28. b3 Qd4 29. Rxe6 Rxe6 30. Qxf7+ Kh6 31. Qxe6 Qxc3 32. Qf6 Qd4 33. g4 Qd1+ 34. Kh2 Qd8 35. g5+ 1-0

[Event "Catalan-ch U10/20"]
[Site "Tarragona"]
[Date "2022.04.14"]
[Round "9"]
[White "Prats Safont, Sergi"]
[Black "Moya Nunez, Pau Salvador"]
[Result "1-0"]
[WhiteElo "2040"]
[BlackElo "2044"]
[PlyCount "61"]
[EventDate "2022.04.09"]
[EventType "swiss"]
[EventRounds "9"]
[EventCountry "ESP"]
[SourceTitle "EXT 2023"]
[Source "ChessBase"]
[SourceDate "2022.10.05"]
[SourceVersion "1"]
[SourceVersionDate "2022.10.05"]
[SourceQuality "1"]

1. e4 c5 2. Nf3 d6 3. d4 cxd4 4. Nxd4 Nf6 5. Nc3 Nc6 6. Bg5 e6 7. Qd2 Be7 8. 0-0-0 Nxd4 9. Qxd4 0-0 10. f3 h6 11. Be3 Qa5 12. g4 e5 13. Qd2 Be6 14. Kb1 Kh8 15. h4 Rac8 16. a3 Rfd8 17. g5 Nh5 18. gxh6 g6 19. Bh3 Kh7 20. Bg5 Bxg5 21. hxg5 Bxh3 22. Rxh3 Nf4 23. Rh4 Rc7 24. Rxf4 exf4 25. Qd4 f6 26. Nd5 Rf7 27. Nxf6+ Kh8 28. e5 Qb6 29. Qd5 Rdf8 30. exd6 Qc6 31. Qxf7 1-0

[Event "Catalan-ch U10/20"]
[Site "Tarragona"]
[Date "2022.04.11"]
[Round "5"]
[White "Prats Safont, Sergi"]
[Black "Salvans Serra, Arnau"]
[Result "1-0"]
[WhiteElo "2040"]
[BlackElo "2179"]
[PlyCount "53"]
[EventDate "2022.04.09"]
[EventType "swiss"]
[EventRounds "9"]
[EventCountry "ESP"]
[SourceTitle "EXT 2023"]
[Source "ChessBase"]
[SourceDate "2022.10.05"]
[SourceVersion "1"]
[SourceVersionDate "2022.10.05"]
[SourceQuality "1"]

1. e4 g6 2. d4 Bg7 3. Nf3 d6 4. Be2 Nd7 5. 0-0 e5 6. Nc3 Ne7 7. Bg5 f6 8. Be3 0-0 9. Qd2 Nc6 10. a4 exd4 11. Nxd4 Nde5 12. h3 Nxd4 13. Bxd4 Be6 14. f4 Nc6 15. f5 Bf7 16. Rad1 Qe7 17. Be3 Rae8 18. Bb5 a6 19. Bxc6 bxc6 20. Rf3 Qd7 21. Rdf1 g5 22. Rg3 Bc4 23. Rff3 Kh8 24. h4 h6 25. hxg5 fxg5 26. Bd4 Re5 27. f6 1-0

[Event "ESP-ch U18"]
[Site "Salobrena"]
[Date "2021.07.30"]
[Round "7"]
[White "Carbonell Sancho, Marc"]
[Black "Prats Safont, Sergi"]
[Result "0-1"]
[WhiteElo "2270"]
[BlackElo "1992"]
[PlyCount "88"]
[EventDate "2021.07.26"]
[EventType "swiss"]
[EventRounds "9"]
[EventCountry "ESP"]
[SourceTitle "CBM 203 Extra"]
[Source "ChessBase"]
[SourceDate "2021.09.30"]
[SourceVersion "1"]
[SourceVersionDate "2021.09.30"]
[SourceQuality "1"]

1. Nf3 Nf6 2. g3 b5 3. Bg2 Bb7 4. 0-0 e6 5. d3 Be7 6. e4 d5 7. exd5 exd5 8. Nd4 Qd7 9. Re1 c5 10. Nb3 0-0 11. Na5 Bc6 12. Nc3 b4 13. Nxc6 Nxc6 14. Ne2 Rfe8 15. c3 h6 16. h3 Rab8 17. Qc2 Qf5 18. g4 Qd7 19. Be3 Bf8 20. Rad1 Rbc8 21. c4 Nd4 22. Qd2 Nxe2+ 23. Rxe2 d4 24. Bf4 Rxe2 25. Qxe2 Re8 26. Qc2 Bd6 27. Bc1 Qc7 28. Qd2 g5 29. Re1 Rxe1+ 30. Qxe1 Bh2+ 31. Kf1 Bf4 32. Bd2 Bxd2 33. Qxd2 Qe5 34. a3 a5 35. Bf3 Kg7 36. Kg2 Nd7 37. h4 Nf8 38. hxg5 hxg5 39. Be4 Ne6 40. Qc1 Nf4+ 41. Kf3 Qf6 42. Bf5 Nxd3 43. Qh1 Qc6+ 44. Be4 Qxe4+ 0-1

[Event "ESP-ch U18"]
[Site "Salobrena"]
[Date "2021.07.28"]
[Round "5"]
[White "Prats Safont, Sergi"]
[Black "Gonzalez Vacas, Raul"]
[Result "1-0"]
[WhiteElo "1992"]
[BlackElo "1803"]
[PlyCount "73"]
[EventDate "2021.07.26"]
[EventType "swiss"]
[EventRounds "9"]
[EventCountry "ESP"]
[SourceTitle "CBM 203 Extra"]
[Source "ChessBase"]
[SourceDate "2021.09.30"]
[SourceVersion "1"]
[SourceVersionDate "2021.09.30"]
[SourceQuality "1"]

1. e4 c5 2. Nf3 d6 3. d4 cxd4 4. Qxd4 Nc6 5. Qe3 Nf6 6. c4 g6 7. Nc3 Bg7 8. Be2 0-0 9. 0-0 a6 10. h3 Bd7 11. Rb1 Ne8 12. b3 Nc7 13. Bb2 Ne6 14. Nd5 Rb8 15. Rfc1 Nc7 16. b4 e6 17. Bxg7 Kxg7 18. Qc3+ e5 19. c5 dxc5 20. bxc5 f6 21. Bc4 Ne6 22. Qe3 Ncd4 23. Nxd4 Nxd4 24. Rb6 Bc6 25. Rcb1 Bb5 26. Bxb5 axb5 27. a4 Qc8 28. axb5 Qxc5 29. Kh2 Rf7 30. Rc1 Qf8 31. f4 Qe8 32. Rf1 Nxb5 33. f5 g5 34. Nxf6 Qd8 35. Nh5+ Kh8 36. Rxb5 Rc8 37. Rfb1 1-0

[Event "Llinars del Valles op 1st"]
[Site "Llinars del Valles"]
[Date "2021.06.29"]
[Round "5"]
[White "Prats Safont, Sergi"]
[Black "Gomez Jurado, Luis Alberto"]
[Result "1-0"]
[WhiteElo "1992"]
[BlackElo "2185"]
[PlyCount "85"]
[EventDate "2021.06.25"]
[EventType "swiss"]
[EventRounds "9"]
[EventCountry "ESP"]
[SourceTitle "CBM 203 Extra"]
[Source "ChessBase"]
[SourceDate "2021.09.30"]
[SourceVersion "1"]
[SourceVersionDate "2021.09.30"]
[SourceQuality "1"]

1. e4 c6 2. Nf3 d5 3. exd5 cxd5 4. Ne5 Nc6 5. d4 Nf6 6. Bb5 Bd7 7. Bxc6 bxc6 8. Nd2 e6 9. Nb3 c5 10. Nxc5 Bxc5 11. dxc5 Qa5+ 12. c3 Qxc5 13. 0-0 Bb5 14. Re1 0-0 15. Be3 Qc8 16. Bd4 Ne4 17. a4 Be8 18. Nd3 f6 19. f3 Nd6 20. Bc5 Qd7 21. c4 Nxc4 22. Bxf8 Kxf8 23. Nc5 Qc6 24. Nxe6+ Kg8 25. Nc7 Bf7 26. Nxa8 Qxa8 27. b3 Ne5 28. Rc1 g5 29. Qd4 Qb8 30. f4 gxf4 31. Qxf4 Qb6+ 32. Kh1 Nd3 33. Rc8+ Kg7 34. Qg3+ Bg6 35. Re7+ Kh6 36. Qh4+ Bh5 37. Rxh7+ Kxh7 38. Qxh5+ Kg7 39. Qh8+ Kg6 40. Rg8+ Kf5 41. Qh7+ Kf4 42. Qxd3 Qg1+ 43. Kxg1 1-0

[Event "Llinars del Valles op 1st"]
[Site "Llinars del Valles"]
[Date "2021.06.25"]
[Round "1"]
[White "Prats Safont, Sergi"]
[Black "Puig Mata, Ferran"]
[Result "1-0"]
[WhiteElo "1992"]
[BlackElo "1549"]
[PlyCount "65"]
[EventDate "2021.06.25"]
[EventType "swiss"]
[EventRounds "9"]
[EventCountry "ESP"]
[SourceTitle "CBM 203 Extra"]
[Source "ChessBase"]
[SourceDate "2021.09.30"]
[SourceVersion "1"]
[SourceVersionDate "2021.09.30"]
[SourceQuality "1"]

1. e4 g6 2. d4 Bg7 3. Nc3 d6 4. Be3 Nf6 5. f3 0-0 6. Qd2 e5 7. Nge2 Nc6 8. d5 Ne7 9. g4 Qd7 10. Ng3 c6 11. h4 cxd5 12. exd5 e4 13. g5 Ne8 14. fxe4 Qg4 15. Bf2 Be5 16. Be2 Qf4 17. Qxf4 Bxf4 18. Bd3 f6 19. gxf6 Nxf6 20. Nge2 Bh6 21. Nb5 Bg4 22. Ned4 Bf4 23. Nc7 Rac8 24. Nce6 Bxe6 25. Nxe6 Ng4 26. Nxf8 Rxf8 27. Bd4 Bg3+ 28. Ke2 Nf2 29. Bxf2 Rxf2+ 30. Ke3 Rf4 31. Rh3 Rg4 32. Kf3 h5 33. Rxg3 1-0

[Event "Catalunya-ch U10/20"]
[Site "Salou"]
[Date "2020.09.09"]
[Round "7"]
[White "Prats Safont, Sergi"]
[Black "Travesset Sagre, Jan"]
[Result "0-1"]
[WhiteElo "2103"]
[BlackElo "2093"]
[PlyCount "84"]
[EventDate "2020.09.05"]
[EventType "swiss"]
[EventRounds "8"]
[EventCountry "ESP"]
[SourceTitle "EXT 2023"]
[Source "ChessBase"]
[SourceDate "2022.10.05"]
[SourceVersion "1"]
[SourceVersionDate "2022.10.05"]
[SourceQuality "1"]

1. e4 c6 2. Nf3 d5 3. exd5 cxd5 4. Ne5 Nf6 5. d4 Nc6 6. Bb5 Bd7 7. Bxc6 Bxc6 8. 0-0 e6 9. Re1 Bd6 10. Nc3 Qb6 11. Bg5 Qxb2 12. Re3 Qb6 13. Bxf6 gxf6 14. Nxf7 Kxf7 15. Qh5+ Ke7 16. Qg4 e5 17. Qg7+ Ke6 18. f4 Be7 19. Qg4+ f5 20. Rxe5+ Kd6 21. Qxf5 Qxd4+ 22. Kh1 Qxc3 23. Qe6+ Kc5 24. Qxe7+ Kc4 25. Rb1 Rae8 26. Qh4 Rxe5 27. fxe5+ d4 28. Qg4 Re8 29. e6 Qxc2 30. Rg1 Qe4 31. Qh5 Qd5 32. Qe2+ Kc5 33. Qc2+ Kd6 34. Qxh7 Rxe6 35. Qh4 Kc7 36. Qg3+ Qd6 37. Qd3 Rh6 38. h3 Rg6 39. Qf5 Qg3 40. Qf7+ Kb6 41. Rb1+ Ka5 42. Qf5+ b5 0-1

[Event "Catalunya-ch U10/20"]
[Site "Salou"]
[Date "2020.09.05"]
[Round "1"]
[White "Pujol Biosca, Joan"]
[Black "Prats Safont, Sergi"]
[Result "1-0"]
[WhiteElo "1697"]
[BlackElo "2103"]
[PlyCount "89"]
[EventDate "2020.09.05"]
[EventType "swiss"]
[EventRounds "8"]
[EventCountry "ESP"]
[SourceTitle "EXT 2023"]
[Source "ChessBase"]
[SourceDate "2022.10.05"]
[SourceVersion "1"]
[SourceVersionDate "2022.10.05"]
[SourceQuality "1"]

1. e4 d6 2. d4 g6 3. f4 Bg7 4. Nf3 a6 5. Be2 b5 6. c3 Bb7 7. Nbd2 Nd7 8. 0-0 Ngf6 9. Bd3 0-0 10. b3 c5 11. Bb2 Qb6 12. Kh1 e5 13. fxe5 dxe5 14. d5 Nh5 15. Qc2 Rae8 16. c4 b4 17. Rae1 Bc8 18. Ng1 Ndf6 19. Ndf3 Ng4 20. Nh4 Qd8 21. g3 Bh6 22. Ng2 f5 23. exf5 gxf5 24. Bxf5 Bxf5 25. Rxf5 Rxf5 26. Qxf5 Qd7 27. Nh4 Qxf5 28. Nxf5 Bg5 29. Nf3 Rf8 30. Nxg5 Rxf5 31. Ne4 Ng7 32. Kg2 Kf8 33. h3 Nh6 34. Nxc5 Nf7 35. Nxa6 Ke7 36. Nxb4 Rg5 37. h4 Rh5 38. a4 Kd6 39. a5 Ne8 40. Nd3 Nc7 41. Kf3 Rf5+ 42. Kg2 Rh5 43. b4 Na6 44. b5 Nc5 45. Ba3 1-0

[Event "Sant Andreu CM"]
[Site "Barcelona"]
[Date "2019.10.19"]
[Round "5"]
[White "Petit Montes, Marc"]
[Black "Prats Safont, Sergi"]
[Result "0-1"]
[WhiteElo "2020"]
[BlackElo "2039"]
[PlyCount "108"]
[EventDate "2019.09.14"]
[EventType "tourn"]
[EventRounds "9"]
[EventCountry "ESP"]
[SourceTitle "CBM 195 Extra"]
[Source "ChessBase"]
[SourceDate "2020.05.31"]
[SourceVersion "1"]
[SourceVersionDate "2020.05.31"]
[SourceQuality "1"]

1. d4 Nf6 2. Bg5 e6 3. e4 h6 4. Bxf6 Qxf6 5. c3 d6 6. Bd3 e5 7. Ne2 g6 8. 0-0 Bg7 9. f4 Qe7 10. Nd2 0-0 11. f5 Nd7 12. fxg6 fxg6 13. Qb3+ Kh7 14. Rxf8 Nxf8 15. Nf3 Nd7 16. Rf1 b6 17. h3 Bb7 18. d5 c6 19. c4 Nc5 20. Qd1 cxd5 21. cxd5 Nxd3 22. Qxd3 Rc8 23. Rc1 Rxc1+ 24. Nxc1 Qc7 25. Qc3 Qe7 26. Nd3 Bf6 27. Nb4 b5 28. Nc6 Qc7 29. Qa5 Qxa5 30. Nxa5 Bc8 31. Nc6 a6 32. Kf2 Kg7 33. Ke2 Kf7 34. Kd3 Ke8 35. Kc3 Kd7 36. Kb4 Kc7 37. a4 bxa4 38. Na5 Bd7 39. Nc4 Bb5 40. Ncd2 Kb6 41. Nc4+ Bxc4 42. Kxc4 a5 43. g4 Bg5 44. h4 Bc1 45. Kc3 a3 46. bxa3 Bxa3 47. h5 gxh5 48. gxh5 Kc5 49. Nh4 Bb4+ 50. Kd3 a4 51. Nf5 a3 52. Kc2 Kc4 53. Nxh6 Bc3 54. Kb1 Kb3 0-1

[Event "Llinars del Valles op-A 13th"]
[Site "Llinars del Valles"]
[Date "2019.06.15"]
[Round "8"]
[White "Borges Ayats, Joaquim"]
[Black "Prats Safont, Sergi"]
[Result "1-0"]
[WhiteElo "1968"]
[BlackElo "1875"]
[PlyCount "93"]
[EventDate "2019.03.30"]
[EventType "swiss"]
[EventRounds "8"]
[EventCountry "ESP"]
[SourceTitle "EXT 2020"]
[Source "ChessBase"]
[SourceDate "2019.10.17"]
[SourceVersion "1"]
[SourceVersionDate "2019.10.17"]
[SourceQuality "1"]

1. e4 Nf6 2. e5 Nd5 3. d4 d6 4. Nf3 Nb6 5. Be2 g6 6. 0-0 Bg7 7. Nc3 0-0 8. a4 Nc6 9. a5 Nd7 10. exd6 cxd6 11. a6 bxa6 12. Bg5 h6 13. Be3 a5 14. Qd2 Kh7 15. Ne4 d5 16. Ng3 Nf6 17. Ne5 Nxe5 18. dxe5 Ng4 19. Bxg4 Bxg4 20. Bd4 Qc7 21. Rxa5 Bxe5 22. Rxd5 Bxd4 23. Rxd4 Rfd8 24. h3 Be6 25. c3 Rxd4 26. Qxd4 Qb6 27. Qxb6 axb6 28. Rd1 Ra2 29. Rd2 Kg7 30. Ne2 Bc4 31. Nd4 e5 32. Nc6 Ra1+ 33. Kh2 Re1 34. Nb4 Re2 35. Rxe2 Bxe2 36. Kg3 f5 37. f4 exf4+ 38. Kxf4 Bf1 39. Kf3 Kf7 40. Nd5 b5 41. b3 Ke6 42. Nf4+ Ke5 43. Nxg6+ Kd6 44. Nf4 b4 45. c4 Ke5 46. Ke3 h5 47. h4 1-0